<?xml version="1.0" encoding="UTF-8"?><?xml-stylesheet type="text/xsl" href="static/style.xsl"?><OAI-PMH xmlns="http://www.openarchives.org/OAI/2.0/" xmlns:xsi="http://www.w3.org/2001/XMLSchema-instance" xsi:schemaLocation="http://www.openarchives.org/OAI/2.0/ http://www.openarchives.org/OAI/2.0/OAI-PMH.xsd"><responseDate>2026-04-30T05:15:48Z</responseDate><request verb="GetRecord" identifier="oai:uvadoc.uva.es:10324/41763" metadataPrefix="marc">https://uvadoc.uva.es/oai/request</request><GetRecord><record><header><identifier>oai:uvadoc.uva.es:10324/41763</identifier><datestamp>2021-06-30T03:12:57Z</datestamp><setSpec>com_10324_38</setSpec><setSpec>col_10324_852</setSpec></header><metadata><record xmlns="http://www.loc.gov/MARC21/slim" xmlns:doc="http://www.lyncode.com/xoai" xmlns:xsi="http://www.w3.org/2001/XMLSchema-instance" xmlns:dcterms="http://purl.org/dc/terms/" xsi:schemaLocation="http://www.loc.gov/MARC21/slim http://www.loc.gov/standards/marcxml/schema/MARC21slim.xsd">
<leader>00925njm 22002777a 4500</leader>
<datafield tag="042" ind1=" " ind2=" ">
<subfield code="a">dc</subfield>
</datafield>
<datafield tag="720" ind1=" " ind2=" ">
<subfield code="a">Martínez Santa Cruz, Ángela</subfield>
<subfield code="e">author</subfield>
</datafield>
<datafield tag="260" ind1=" " ind2=" ">
<subfield code="c">2020</subfield>
</datafield>
<datafield tag="520" ind1=" " ind2=" ">
<subfield code="a">El aneurisma de arteria renal, es una patología de no muy elevada incidencia y prevalencia, que en un elevado número de ocasiones cursa de forma asintomática y se diagnostica de forma incidental. Hasta hace poco tiempo, ha existido controversia sobre el tratamiento de estos aneurismas en lo referente al tamaño del que requiere tratamiento quirúrgico, de cómo realizar la reparación y el seguimiento de los no quirúrgicos. También genera controversia la causa etiológica, su relación con la hipertensión y con otros factores. El desarrollo de la terapia endovascular durante estos últimos años, nos ha llevado en este estudio a valorar los resultados a largo plazo de pacientes con aneurisma renal tratados en la unidad con técnicas endovasculares.</subfield>
</datafield>
<datafield tag="024" ind2=" " ind1="8">
<subfield code="a">http://uvadoc.uva.es/handle/10324/41763</subfield>
</datafield>
<datafield tag="245" ind1="0" ind2="0">
<subfield code="a">Tratamiento endovascular de los aneurismas de arteria renal</subfield>
</datafield>
</record></metadata></record></GetRecord></OAI-PMH>